Statistics for management

Αποθηκεύτηκε σε:
Λεπτομέρειες βιβλιογραφικής εγγραφής
Κύριος συγγραφέας: Ashford, J. R. (John Robert)
Μορφή: Βιβλίο
Γλώσσα:English
Δημοσίευση: London : Institute of Personnel Management, 1980, c1977
Έκδοση:2nd ed.
Σειρά:Management in perspective
Θέματα:
Ετικέτες: Προσθήκη ετικέτας
Δεν υπάρχουν, Καταχωρήστε ετικέτα πρώτοι!

MARC

LEADER 00000cam a2200000 i 4500
001 1/58410
008 960307t19801977 eng d
020 |a 085292271X ((pbk.))  |c Ή10.50 
035 |l 10028361 
040 |a GR-MY-UA  |b gre  |e aacr 
041 0 |a eng 
082 0 |a 519.5/024658  |2 (19) 
100 1 |a Ashford, J. R.  |q (John Robert) 
245 1 0 |a Statistics for management /  |c John Ashford 
250 |a 2nd ed. 
260 |a London :   |b Institute of Personnel Management,   |c 1980, c1977 
300 |a 458 σ.;  |b εικ.;  |c 22 εκ. 
490 1 |a Management in perspective 
504 |a Περιλαμβάνει ευρετήριο 
650 0 0 |a Statistics. 
650 0 0 |a Management  |x Statistical methods. 
852 |a INST  |b CHIOS  |e 19960307  |h 519.5024658 ASH  |p 005200004753  |q 005200004753  |t BK  |y 0 
909 |a Χ  |b 000723